000 00560nam a2200229 a 4500
001 0001-1370
003 ELIB.Books
008 160712 2010 eng
020 _a068815428X
035 _a(ELIB.Books)0001-1525
092 _a658.3
_bBla
100 _aBlanchard, Ken.
245 _aGung Ho!
260 _aNew York
_bWilliam Morrow and Company, Inc.
_c1998
300 _a187
_c22 Cm
650 _aEmployee Motivation
856 _nKBTS Library
_uElib
942 _2ddc
_cBK
990 _a1
998 _cbat
_e2016-07-12
999 _c11370
_d11370